00549nam a2200181Ia 4500008004100000020001500041050002400056100003700080245010500117250001800222260003000240300001800270336001000288337001400298338001400312650002400326650001700350120905s19982006mx ||||fr|||||||1|| spa d a968261001X aHF5681.B2bG32 19981 aGarcía Mendoza, Albertoeautor10aAnálisis e Interpretación de la Información Financiera Reexpresadac/ Alberto García Mendoza a3a. Edición3 aMéxicob: CECSAc, 1998 a334 páginas atexto asin medio avolúmen14aESTADOS FINANCIEROS24aCONTABILIDAD